[Event "Titled Tuesday intern op 13th Feb Late"]
[Site "Chess.com INT"]
[Date "2024.02.13"]
[Round "1"]
[White "Sloan, Julia Elizabeth"]
[Black "Martinez Pla, Xavier"]
[Result "0-1"]
[WhiteElo "2087"]
[BlackElo "2247"]
[PlyCount "138"]
[EventDate "2024.02.13"]
[EventType "swiss (blitz)"]
[EventRounds "11"]
[EventCountry "USA"]
[SourceTitle "CB08_2024"]
[SourceDate "2024.02.21"]
[SourceVersion "1"]
[SourceVersionDate "2024.02.21"]
[SourceQuality "1"]

1. d4 Nf6 2. c4 e6 3. Nf3 b6 4. g3 Bb7 5. Bg2 Be7 6. 0-0 0-0 7. b3 d6 8. Bb2 Nbd7 9. Nbd2 Ne4 10. Nxe4 Bxe4 11. d5 e5 12. Ne1 Bxg2 13. Nxg2 f5 14. f4 e4 15. Ne3 g6 16. g4 Bf6 17. Qd2 Bxb2 18. Qxb2 Qf6 19. Qxf6 Rxf6 20. g5 Rf7 21. b4 h6 22. h4 hxg5 23. hxg5 Rh7 24. Kg2 a5 25. a3 Kg7 26. Rh1 Rxh1 27. Rxh1 axb4 28. axb4 Ra2 29. Kf2 Nb8 30. Rb1 Na6 31. b5 Nc5 32. Rh1 Nd3+ 33. Kg3 Rxe2 34. Ng2 Rc2 35. Rh6 Rxc4 36. Nh4 e3 37. Rxg6+ Kf7 38. Rf6+ Ke7 39. Re6+ Kd7 40. Rxe3 Nxf4 41. Nxf5 Ng6 42. Re6 Ne5 43. Re7+ Kd8 44. Rg7 Rg4+ 45. Kf2 Rf4+ 46. Ke3 Rxf5 47. Rg8+ Kd7 48. g6 Rg5 49. Rg7+ Kd8 50. Rg8+ Ke7 51. Rg7+ Kf6 52. Rxc7 Kxg6 53. Re7 Kf5 54. Re6 Rg3+ 55. Ke2 Nc4 56. Kd1 Rd3+ 57. Kc2 Rxd5 58. Re8 Ne5 59. Rd8 Rc5+ 60. Kb3 d5 61. Kb4 Ke4 62. Re8 Kd4 63. Rd8 Nd3+ 64. Kb3 Rxb5+ 65. Kc2 Rc5+ 66. Kd2 b5 67. Rb8 b4 68. Rb7 Rc4 69. Rb8 Nc5 0-1

[Event "Titled Tuesday intern op 03rd Jan Late"]
[Site "Chess.com INT"]
[Date "2023.01.03"]
[Round "3"]
[White "Forgacs, Attila Jr"]
[Black "Sloan, Julia Elizabeth"]
[Result "1-0"]
[WhiteElo "2227"]
[BlackElo "2087"]
[PlyCount "67"]
[EventDate "2023.01.03"]
[EventType "swiss (blitz)"]
[EventRounds "11"]
[EventCountry "USA"]
[SourceTitle "EXT 2024"]
[Source "ChessBase"]
[SourceDate "2023.10.10"]
[SourceVersion "1"]
[SourceVersionDate "2023.10.10"]
[SourceQuality "1"]

1. e4 c5 2. d3 d6 3. g3 a6 4. Bg2 Nc6 5. f4 e6 6. Nf3 Nf6 7. 0-0 Be7 8. Nc3 0-0 9. h3 d5 10. e5 Nd7 11. Ne2 b5 12. g4 Bb7 13. Ng3 f6 14. exf6 Nxf6 15. Re1 Qd6 16. Qe2 Bc8 17. c3 Re8 18. Ne5 Bf8 19. a4 b4 20. Nxc6 Qxc6 21. c4 Bb7 22. b3 g6 23. Bb2 Bg7 24. g5 Nd7 25. Bxg7 Kxg7 26. cxd5 exd5 27. Qxe8 Rxe8 28. Rxe8 Nb6 29. Rae1 Nc8 30. R1e6 Qd7 31. f5 gxf5 32. Nxf5+ Kf7 33. Nh6+ Kg7 34. Rg8# 1-0

[Event "Titled Tuesday intern op 03rd Jan Late"]
[Site "Chess.com INT"]
[Date "2023.01.03"]
[Round "8"]
[White "Hoffmann, Asa"]
[Black "Sloan, Julia Elizabeth"]
[Result "1-0"]
[WhiteElo "2185"]
[BlackElo "2087"]
[PlyCount "51"]
[EventDate "2023.01.03"]
[EventType "swiss (blitz)"]
[EventRounds "11"]
[EventCountry "USA"]
[SourceTitle "EXT 2024"]
[Source "ChessBase"]
[SourceDate "2023.10.10"]
[SourceVersion "1"]
[SourceVersionDate "2023.10.10"]
[SourceQuality "1"]

1. d4 Nf6 2. Bg5 e6 3. Nd2 h6 4. Bh4 d5 5. e3 b6 6. f4 Bb7 7. Ngf3 Be7 8. Bd3 0-0 9. 0-0 Ne4 10. Bxe7 Qxe7 11. Bxe4 dxe4 12. Ne5 Nd7 13. c3 Qd6 14. Qh5 b5 15. Rad1 f5 16. g4 Nf6 17. Qh4 Nd5 18. Rde1 fxg4 19. Qxg4 Nf6 20. Qg6 Rae8 21. Kh1 Qd5 22. Rg1 Re7 23. Qxh6 Nd7 24. Qh4 Rfe8 25. Ng6 Rf7 26. Qh8# 1-0

[Event "Titled Tuesday intern op 03rd Jan Late"]
[Site "Chess.com INT"]
[Date "2023.01.03"]
[Round "10"]
[White "Mazurkiewicz, Michal"]
[Black "Sloan, Julia Elizabeth"]
[Result "1-0"]
[WhiteElo "2163"]
[BlackElo "2087"]
[PlyCount "59"]
[EventDate "2023.01.03"]
[EventType "swiss (blitz)"]
[EventRounds "11"]
[EventCountry "USA"]
[SourceTitle "EXT 2024"]
[Source "ChessBase"]
[SourceDate "2023.10.10"]
[SourceVersion "1"]
[SourceVersionDate "2023.10.10"]
[SourceQuality "1"]

1. e4 c5 2. Nf3 d6 3. g3 c4 4. Bxc4 a6 5. 0-0 e6 6. Re1 b5 7. Bf1 Bb7 8. d4 d5 9. e5 Nc6 10. c3 h5 11. h4 Nh6 12. a3 Nf5 13. Bh3 g6 14. Bg5 Qb6 15. Bf6 Bg7 16. Bxf5 Bxf6 17. Bxe6 fxe6 18. exf6 0-0 19. Rxe6 Bc8 20. f7+ Rxf7 21. Rxg6+ Kh7 22. Rxc6 Qxc6 23. Ng5+ Kg6 24. Nxf7 Kxf7 25. Qxh5+ Kg7 26. Nd2 Bb7 27. Nf3 Qf6 28. Ng5 Qg6 29. Qxg6+ Kxg6 30. Re1 1-0

[Event "Titled Tuesday intern op 03rd Jan Late"]
[Site "Chess.com INT"]
[Date "2023.01.03"]
[Round "1"]
[White "Sloan, Julia Elizabeth"]
[Black "Krishnan, Varun"]
[Result "0-1"]
[WhiteElo "2087"]
[BlackElo "2379"]
[PlyCount "66"]
[EventDate "2023.01.03"]
[EventType "swiss (blitz)"]
[EventRounds "11"]
[EventCountry "USA"]
[SourceTitle "EXT 2024"]
[Source "ChessBase"]
[SourceDate "2023.10.10"]
[SourceVersion "1"]
[SourceVersionDate "2023.10.10"]
[SourceQuality "1"]

1. d4 Nf6 2. c4 e6 3. Nf3 b6 4. g3 Bb7 5. Bg2 Bb4+ 6. Bd2 a5 7. 0-0 0-0 8. Bg5 h6 9. Bf4 Be7 10. Nc3 d6 11. Ne1 Bxg2 12. Kxg2 Nbd7 13. Nd3 c5 14. d5 exd5 15. cxd5 c4 16. Nc1 Qc7 17. e4 Ne5 18. Bxe5 dxe5 19. N1e2 Qd7 20. a4 Bc5 21. f3 Rac8 22. Nb5 Ne8 23. Nec3 Nd6 24. Nxd6 Qxd6 25. Nb5 Qd7 26. Qd2 f5 27. Rac1 fxe4 28. fxe4 Qg4 29. Rxc4 Rxf1 30. Kxf1 Qf3+ 31. Ke1 Qh1+ 32. Ke2 Qg2+ 33. Kd1 Qf1+ 0-1

[Event "Titled Tuesday intern op 10th May Late"]
[Site "Chess.com INT"]
[Date "2022.05.10"]
[Round "4"]
[White "Bas Mas, Jose Joaquin"]
[Black "Sloan, Julia Elizabeth"]
[Result "1-0"]
[WhiteElo "2239"]
[BlackElo "2087"]
[PlyCount "47"]
[EventDate "2022.05.10"]
[EventType "swiss (blitz)"]
[EventRounds "11"]
[EventCountry "USA"]
[SourceTitle "CBM 208 Extra"]
[Source "ChessBase"]
[SourceDate "2022.07.31"]
[SourceVersion "1"]
[SourceVersionDate "2022.07.31"]
[SourceQuality "1"]

1. e4 c5 2. Nc3 d6 3. d4 cxd4 4. Qxd4 Nc6 5. Qd2 Bd7 6. b3 Nf6 7. Bb2 e6 8. 0-0-0 a6 9. Kb1 Be7 10. f3 Qc7 11. g4 h6 12. h4 0-0-0 13. Nge2 Ne5 14. Qe3 Bc6 15. Rg1 g5 16. h5 b5 17. Nd4 Be8 18. a4 b4 19. Bxa6+ Kb8 20. Na2 Qb6 21. Bb5 d5 22. Nc6+ Kc7 23. Qxb6+ Kxb6 24. Nxe7 1-0

[Event "Titled Tuesday intern op 18th Jan"]
[Site "Chess.com INT"]
[Date "2022.01.18"]
[Round "5"]
[White "Sarkar, Justin"]
[Black "Sloan, Julia Elizabeth"]
[Result "1-0"]
[WhiteElo "2314"]
[BlackElo "2087"]
[PlyCount "71"]
[EventDate "2022.01.18"]
[EventType "swiss (blitz)"]
[EventRounds "11"]
[EventCountry "USA"]
[SourceTitle "CBM 206 Extra"]
[Source "ChessBase"]
[SourceDate "2022.03.31"]
[SourceVersion "1"]
[SourceVersionDate "2022.03.31"]
[SourceQuality "1"]

1. d4 Nf6 2. c4 e6 3. Nf3 b6 4. g3 Bb7 5. Bg2 d6 6. 0-0 Nbd7 7. Nc3 Be7 8. d5 e5 9. e4 a5 10. Ne1 Nc5 11. Rb1 Ba6 12. b3 0-0 13. f4 Nfd7 14. f5 Bg5 15. a3 Bxc1 16. Qxc1 f6 17. Rf2 Rf7 18. b4 Bxc4 19. bxc5 dxc5 20. g4 h6 21. h4 Rb8 22. a4 Rb7 23. Qe3 Nb8 24. Nf3 Na6 25. g5 hxg5 26. hxg5 c6 27. g6 Rfc7 28. Nd2 b5 29. Qh3 cxd5 30. Qh7+ Kf8 31. Nxc4 bxc4 32. Rxb7 Rxb7 33. Nxd5 Rb1+ 34. Kh2 Ke8 35. Qxg7 Nb4 36. Qf7# 1-0

[Event "Titled Tuesday intern op 11th Jan"]
[Site "Chess.com INT"]
[Date "2022.01.11"]
[Round "1"]
[White "Sloan, Julia Elizabeth"]
[Black "Koridze, Lile"]
[Result "0-1"]
[WhiteElo "2087"]
[BlackElo "1977"]
[PlyCount "46"]
[EventDate "2022.01.11"]
[EventType "swiss (blitz)"]
[EventRounds "11"]
[EventCountry "USA"]
[SourceTitle "CBM 206 Extra"]
[Source "ChessBase"]
[SourceDate "2022.03.31"]
[SourceVersion "1"]
[SourceVersionDate "2022.03.31"]
[SourceQuality "1"]

1. d4 Nf6 2. Bg5 e6 3. e4 d6 4. Nd2 Be7 5. Bd3 h6 6. Bh4 Nbd7 7. h3 c5 8. c3 0-0 9. f4 cxd4 10. cxd4 e5 11. d5 exf4 12. Ne2 Nxd5 13. Bxe7 Nxe7 14. Nxf4 Ne5 15. Be2 Qb6 16. Qb3 Qc5 17. Nf3 N7c6 18. Nd5 Nxf3+ 19. Qxf3 Nd4 20. Qg3 Nc2+ 21. Kd2 Nxa1 22. Rxa1 Qd4+ 23. Bd3 Qxb2+ 0-1

[Event "Titled Tuesday intern op 11th Jan"]
[Site "Chess.com INT"]
[Date "2022.01.11"]
[Round "3"]
[White "Sloan, Julia Elizabeth"]
[Black "Petrova, Irina"]
[Result "0-1"]
[WhiteElo "2087"]
[BlackElo "2104"]
[PlyCount "48"]
[EventDate "2022.01.11"]
[EventType "swiss (blitz)"]
[EventRounds "11"]
[EventCountry "USA"]
[SourceTitle "CBM 206 Extra"]
[Source "ChessBase"]
[SourceDate "2022.03.31"]
[SourceVersion "1"]
[SourceVersionDate "2022.03.31"]
[SourceQuality "1"]

1. d4 d5 2. Bg5 c6 3. Nd2 Bf5 4. e3 Nd7 5. Bd3 Bxd3 6. cxd3 Ngf6 7. f4 e6 8. Ngf3 Be7 9. 0-0 0-0 10. Ne5 Ne8 11. Bxe7 Qxe7 12. Ndf3 f6 13. Nxd7 Qxd7 14. Qb3 Nd6 15. Rae1 Nf5 16. Re2 a5 17. a3 Rfe8 18. Rd1 b5 19. e4 Ne7 20. e5 Nf5 21. Qc3 Reb8 22. Rc2 Ne3 23. Qxc6 Qxc6 24. Rxc6 Nxd1 0-1

[Event "Titled Tuesday intern op 04th Jan"]
[Site "Chess.com INT"]
[Date "2022.01.04"]
[Round "2"]
[White "Sloan, Julia Elizabeth"]
[Black "Itkis, Boris"]
[Result "1-0"]
[WhiteElo "2087"]
[BlackElo "2343"]
[PlyCount "79"]
[EventDate "2022.01.04"]
[EventType "swiss (blitz)"]
[EventRounds "11"]
[EventCountry "USA"]
[SourceTitle "EXT 2023"]
[Source "ChessBase"]
[SourceDate "2022.10.05"]
[SourceVersion "1"]
[SourceVersionDate "2022.10.05"]
[SourceQuality "1"]

1. d4 d5 2. Bg5 h6 3. Bh4 Nf6 4. Nd2 e6 5. e3 Be7 6. f4 0-0 7. Ngf3 c5 8. c3 Qb6 9. Rb1 cxd4 10. exd4 Qc7 11. Ne5 Ne8 12. Bxe7 Qxe7 13. Bd3 Nc6 14. 0-0 Nd6 15. Qf3 f5 16. Ng6 Qf6 17. Nxf8 Qf7 18. Nxe6 Bxe6 19. Qg3 a6 20. Nf3 b5 21. Ne5 Qc7 22. a3 a5 23. Rbe1 Nxe5 24. fxe5 Ne4 25. Bxe4 dxe4 26. Qg6 Qc4 27. Rxf5 Bxf5 28. Qxf5 Rf8 29. Qxe4 Qb3 30. Qe2 b4 31. axb4 axb4 32. Qe3 Qxb2 33. cxb4 Qxb4 34. d5 Re8 35. e6 Qc4 36. Qe4 Qc5+ 37. Kh1 Kh8 38. h3 Qd6 39. Qe5 Qb4 40. d6 1-0

[Event "Titled Tuesday intern op 28th Dec"]
[Site "Chess.com INT"]
[Date "2021.12.28"]
[Round "2"]
[White "Jain, Naveen"]
[Black "Sloan, Julia Elizabeth"]
[Result "1-0"]
[WhiteElo "2032"]
[BlackElo "2087"]
[PlyCount "43"]
[EventDate "2021.12.28"]
[EventType "swiss (blitz)"]
[EventRounds "11"]
[EventCountry "USA"]
[SourceTitle "CBM 206 Extra"]
[Source "ChessBase"]
[SourceDate "2022.03.31"]
[SourceVersion "1"]
[SourceVersionDate "2022.03.31"]
[SourceQuality "1"]

1. c4 c5 2. g3 Nc6 3. Bg2 d6 4. Nc3 g6 5. a3 Bg7 6. Rb1 Bd7 7. b4 Rb8 8. Nf3 b6 9. 0-0 e6 10. Bb2 Nge7 11. Ne4 0-0 12. Bxg7 Kxg7 13. Nxd6 cxb4 14. axb4 f6 15. d4 e5 16. dxe5 fxe5 17. b5 Na5 18. Nxe5 Be6 19. Qd4 Nf5 20. Nxf5+ Bxf5 21. Nd7+ Kg8 22. Bd5+ 1-0

[Event "Titled Tuesday intern op 05th Oct"]
[Site "Chess.com INT"]
[Date "2021.10.05"]
[Round "3"]
[White "Sloan, Julia Elizabeth"]
[Black "Matveeva, Olga"]
[Result "0-1"]
[WhiteElo "2087"]
[BlackElo "2145"]
[PlyCount "56"]
[EventDate "2021.10.05"]
[EventType "swiss (blitz)"]
[EventRounds "11"]
[EventCountry "USA"]
[SourceTitle "CBM 204 Extra"]
[Source "ChessBase"]
[SourceDate "2021.11.30"]
[SourceVersion "1"]
[SourceVersionDate "2021.11.30"]
[SourceQuality "1"]

1. d4 d5 2. c4 e6 3. Nc3 c5 4. e3 Nc6 5. Nf3 Nf6 6. a3 cxd4 7. exd4 dxc4 8. Bxc4 Be7 9. 0-0 0-0 10. h3 b6 11. Be3 Bb7 12. Ba2 Rc8 13. Rc1 Na5 14. Bb1 Nc4 15. Qc2 Nxe3 16. fxe3 Be4 17. Qd2 Bxb1 18. Rxb1 Qc7 19. e4 Rfd8 20. e5 Nd5 21. Ne4 Qb7 22. Nfg5 Bxg5 23. Nxg5 Rd7 24. Qd3 g6 25. Qg3 Rc2 26. Qh4 h5 27. g4 Ne3 28. gxh5 Qg2# 0-1

[Event "Titled Tuesday intern op 16th Feb"]
[Site "Chess.com INT"]
[Date "2021.02.16"]
[Round "8"]
[White "Sloan, Julia Elizabeth"]
[Black "Matveeva, Olga"]
[Result "1-0"]
[WhiteElo "2087"]
[BlackElo "2171"]
[PlyCount "65"]
[EventDate "2021.02.16"]
[EventType "swiss (blitz)"]
[EventRounds "11"]
[EventCountry "USA"]
[SourceTitle "EXT 2022"]
[Source "ChessBase"]
[SourceDate "2021.10.06"]
[SourceVersion "1"]
[SourceVersionDate "2021.10.06"]
[SourceQuality "1"]

1. d4 Nf6 2. c4 e6 3. Nf3 b6 4. g3 Ba6 5. Nbd2 d5 6. Bg2 Be7 7. 0-0 0-0 8. cxd5 exd5 9. Ne5 Bb7 10. e3 Nbd7 11. Nd3 c5 12. dxc5 bxc5 13. Re1 Rc8 14. b3 Re8 15. Bb2 Qb6 16. Rc1 Bf8 17. Nf4 Ne4 18. Nxe4 dxe4 19. Qxd7 Rcd8 20. Qg4 Rd2 21. Re2 Red8 22. Rxd2 Rxd2 23. Bc3 Rxa2 24. Nh5 Qg6 25. Qxg6 hxg6 26. Nf4 g5 27. Nh5 f6 28. g4 Bd5 29. Ng3 Bxb3 30. Bxe4 a5 31. Nf5 a4 32. Bb1 Re2 33. Ng3 1-0

[Event "Titled Tuesday intern op 16th Feb"]
[Site "Chess.com INT"]
[Date "2021.02.16"]
[Round "4"]
[White "Sloan, Julia Elizabeth"]
[Black "Sanchez Alvares, Kelvin Antonio"]
[Result "0-1"]
[WhiteElo "2087"]
[BlackElo "2250"]
[PlyCount "68"]
[EventDate "2021.02.16"]
[EventType "swiss (blitz)"]
[EventRounds "11"]
[EventCountry "USA"]
[SourceTitle "EXT 2022"]
[Source "ChessBase"]
[SourceDate "2021.10.06"]
[SourceVersion "1"]
[SourceVersionDate "2021.10.06"]
[SourceQuality "1"]

1. d4 Nf6 2. Nc3 c5 3. d5 g6 4. e4 d6 5. h3 Bg7 6. Nf3 0-0 7. Bd3 Na6 8. a3 Nc7 9. 0-0 b5 10. Bf4 c4 11. Be2 a6 12. Qd2 Re8 13. Bh6 Bh8 14. Rfe1 e6 15. Bf1 exd5 16. exd5 Bb7 17. Rxe8+ Qxe8 18. Re1 Qd7 19. g4 Nfxd5 20. Nxd5 Bxd5 21. Bg2 Re8 22. Be3 Qc6 23. Nd4 Bxd4 24. Bxd5 Qxd5 25. Bxd4 Rxe1+ 26. Qxe1 Qxd4 27. c3 Qe5 28. Qd2 Ne6 29. Qe3 Qxe3 30. fxe3 Kg7 31. Kf2 Kf6 32. Kf3 Ke5 33. h4 Nc5 34. Ke2 Na4 0-1

[Event "Titled Tuesday intern op 02nd Feb"]
[Site "Chess.com INT"]
[Date "2021.02.02"]
[Round "6"]
[White "Belenkaya, Dina"]
[Black "Sloan, Julia Elizabeth"]
[Result "1-0"]
[WhiteElo "2293"]
[BlackElo "2087"]
[PlyCount "49"]
[EventDate "2021.02.02"]
[EventType "swiss (blitz)"]
[EventRounds "11"]
[EventCountry "USA"]
[SourceTitle "CBM 200 Extra"]
[Source "ChessBase"]
[SourceDate "2021.03.31"]
[SourceVersion "1"]
[SourceVersionDate "2021.03.31"]
[SourceQuality "1"]

1. e4 c5 2. Nc3 Nc6 3. g3 d6 4. Bg2 g6 5. d3 e5 6. Nf3 h5 7. Nd5 Bg4 8. h3 Bxf3 9. Qxf3 h4 10. g4 Bg7 11. g5 Nce7 12. Nf6+ Bxf6 13. gxf6 Nc6 14. Bg5 Nd4 15. Qd1 Ne6 16. Be3 Nxf6 17. c3 Nh5 18. Bf3 Nhf4 19. Bg4 Qa5 20. Qb3 0-0-0 21. 0-0-0 Rde8 22. d4 Kb8 23. dxe5 dxe5 24. Rd7 Rd8 25. Qxb7# 1-0

[Event "Titled Tuesday intern op 02nd Feb"]
[Site "Chess.com INT"]
[Date "2021.02.02"]
[Round "3"]
[White "Kruckenhauser, Arthur"]
[Black "Sloan, Julia Elizabeth"]
[Result "0-1"]
[WhiteElo "2283"]
[BlackElo "2087"]
[PlyCount "46"]
[EventDate "2021.02.02"]
[EventType "swiss (blitz)"]
[EventRounds "11"]
[EventCountry "USA"]
[SourceTitle "CBM 200 Extra"]
[Source "ChessBase"]
[SourceDate "2021.03.31"]
[SourceVersion "1"]
[SourceVersionDate "2021.03.31"]
[SourceQuality "1"]

1. e4 g6 2. d4 Bg7 3. Nc3 c5 4. Be3 Nc6 5. Nf3 cxd4 6. Nxd4 Nf6 7. Nxc6 bxc6 8. e5 Ng8 9. f4 e6 10. Bc5 Ne7 11. Bd3 0-0 12. Qf3 f6 13. Qe4 fxe5 14. fxe5 Rf5 15. 0-0-0 Rxe5 16. Qb4 Nd5 17. Nxd5 Rxd5 18. Bc4 Qg5+ 19. Kb1 Rxc5 20. h4 Qe5 21. c3 Rb8 22. Qa4 Rxb2+ 23. Kxb2 Qxc3+ 0-1

[Event "Titled Tuesday intern op 26th Jan"]
[Site "Chess.com INT"]
[Date "2021.01.26"]
[Round "8"]
[White "Bruned, Yvalin"]
[Black "Sloan, Julia Elizabeth"]
[Result "1-0"]
[WhiteElo "2286"]
[BlackElo "2087"]
[PlyCount "81"]
[EventDate "2021.01.26"]
[EventType "swiss (blitz)"]
[EventRounds "11"]
[EventCountry "USA"]
[SourceTitle "CBM 200 Extra"]
[Source "ChessBase"]
[SourceDate "2021.03.31"]
[SourceVersion "1"]
[SourceVersionDate "2021.03.31"]
[SourceQuality "1"]

1. b3 Nf6 2. Bb2 b5 3. e3 a6 4. Nf3 Bb7 5. d4 e6 6. Nbd2 Be7 7. c4 d5 8. cxb5 axb5 9. Bxb5+ c6 10. Be2 0-0 11. 0-0 Na6 12. a3 Nc7 13. b4 Ba6 14. Ne5 Bxe2 15. Qxe2 Ra6 16. Rfc1 Qa8 17. Nb3 Nb5 18. Na5 Rc8 19. Naxc6 Raxc6 20. Nxc6 Rxc6 21. Qxb5 Rxc1+ 22. Rxc1 Ne4 23. Qc6 Qf8 24. Qc8 Nd6 25. Qxf8+ Kxf8 26. Rc6 Nc4 27. Bc1 Ke8 28. Kf1 Kd7 29. Ra6 Bd6 30. Ke2 h5 31. g3 h4 32. Kd3 g5 33. Ra7+ Bc7 34. e4 Kc6 35. exd5+ exd5 36. Ra8 f5 37. gxh4 g4 38. Rf8 Nd6 39. Bf4 Ne4 40. Bxc7 Nxf2+ 41. Ke2 1-0

[Event "Titled Tuesday intern op 26th Jan"]
[Site "Chess.com INT"]
[Date "2021.01.26"]
[Round "2"]
[White "Davtyan, David"]
[Black "Sloan, Julia Elizabeth"]
[Result "0-1"]
[WhiteElo "2312"]
[BlackElo "2087"]
[PlyCount "88"]
[EventDate "2021.01.26"]
[EventType "swiss (blitz)"]
[EventRounds "11"]
[EventCountry "USA"]
[SourceTitle "CBM 200 Extra"]
[Source "ChessBase"]
[SourceDate "2021.03.31"]
[SourceVersion "1"]
[SourceVersionDate "2021.03.31"]
[SourceQuality "1"]

1. d4 g6 2. Nf3 Bg7 3. g3 c5 4. Bg2 Nc6 5. dxc5 Qa5+ 6. Bd2 Qxc5 7. Bc3 Bxc3+ 8. Nxc3 Nf6 9. 0-0 d6 10. e4 Bg4 11. h3 Bxf3 12. Qxf3 Ne5 13. Qd1 0-0 14. Kh2 h5 15. f4 Neg4+ 16. hxg4 Nxg4+ 17. Kh1 Nf2+ 18. Rxf2 Qxf2 19. Qd3 h4 20. Kh2 Kg7 21. g4 h3 22. Qe2 Qxe2 23. Nxe2 hxg2 24. Kxg2 Rac8 25. c3 Rh8 26. Rf1 f6 27. Nd4 Kf7 28. f5 g5 29. Ne2 Rc4 30. Nd4 b5 31. a3 Rb8 32. Rh1 Kg8 33. Kf3 a5 34. Rh6 b4 35. Rg6+ Kf7 36. axb4 axb4 37. Ne6 Rbc8 38. cxb4 Rxb4 39. Rg7+ Ke8 40. Ke3 Rxb2 41. Kd4 Rg2 42. Kd5 Rd2+ 43. Nd4 Rc5+ 44. Ke6 Re5# 0-1